[Event "73rd RUS-ch Higher League 2020"]
[Site "Sochi"]
[Date "2020.10.17"]
[Round "9.13"]
[White "Kardashevskiy, Evgeny"]
[Black "Sarana, Alexey"]
[Result "0-1"]
[WhiteElo "2449"]
[BlackElo "2657"]
[Annotator "TA"]
[PlyCount "90"]
[EventDate "2020.10.08"]
[EventType "swiss"]
[EventCountry "RUS"]
[SourceTitle "playchess.com"]
[Source "ChessBase"]
[SourceQuality "1"]

{[%evp 12,90,21,19,11,20,27,13,9,11,13,6,8,7,10,17,26,18,31,0,10,-6,0,0,0,-8,0,0,0,0,0,0,0,0,0,-83,-93,-183,-133,-137,-130,-170,-157,-169,-134,-192,-133,-153,-152,-152,-169,-148,-131,-220,-210,-210,-209,-208,-207,-225,-221,-208,-200,-452,-483,-460,-478,-477,-457,-477,-477,-478,-448,-845,-845,-6407,-6012,-29984,-29985,-29985,-29985]} 1. d4 Nf6 2. Nf3 d5 3. c4 e6 4. Nc3 Be7 5. Bf4 O-O 6. e3 Nbd7 7. Be2 dxc4 {D37: Queen's Gambit Declined: 5 Bf4.} 8. O-O Nb6 9. Ne5 Nfd5 {The position is equal.} 10. Bg3 c5 11. Nxc4 Nxc4 12. Bxc4 {[#]} Nb6 $146 ({Predecessor:} 12... cxd4 13. exd4 Nxc3 14. bxc3 Bd7 15. Bb3 Bc6 16. Qd3 b5 17. a4 a6 18. axb5 axb5 {½-½ (35) Sumets,A (2622)-Sunilduth Lyna,N (2414) Abu Dhabi 2014}) 13. Bb3 cxd4 14. exd4 Bf6 15. Be5 Bd7 16. Qh5 Bc6 17. Rad1 Qe7 18. Rd3 Rad8 19. Rh3 {[%csl Gh3][%cal Rh5h7]} h6 20. Rg3 {White threatens Qxh6 and mate.} Bxe5 $1 21. Qxe5 {[%csl Gg3][%cal Re5g7]} g6 22. Re1 {Strongly threatening d5!} Qd6 23. Qf6 (23. Bxe6 $11 Qxe6 24. Qxe6 fxe6 25. Rxg6+ {[%mdl 64] Double Attack} Kf7 26. Rexe6) 23... Qxd4 $17 24. Re5 {[#]} (24. Rxe6 $17 Qxf6 25. Rxf6) 24... Be4 $1 {[%mdl 512] And now ...Nd7 would win.} 25. Qf4 {[#]} (25. Nxe4 $2 {leads to mate.} Qd1+ $1 {[%mdl 512]} 26. Bxd1 Rxd1#) 25... Bd3 $1 $40 {[%mdl 128] Black has strong attack.} 26. Rg4 Qxf4 27. Rxf4 Kg7 28. Rb4 (28. Ra5 $17 {might work better.}) 28... Rd6 ({Better is} 28... Ba6 $19 29. Ne4 Nd7) 29. Ra5 a6 30. Rc5 Nd7 31. Rc7 b6 32. Ne4 (32. Bc4 $17) 32... Bxe4 $1 $19 33. Rxe4 Nc5 34. Re1 Rfd8 35. Bc4 Rd2 36. b4 Nd3 37. Rb1 $2 (37. Bxd3 R8xd3 38. Rc6) 37... Rc2 38. Bxd3 Rxc7 39. Bxa6 {[%mdl 4096] Endgame KRR-KRB} Rd2 40. a4 Ra2 41. a5 bxa5 42. b5 (42. bxa5 $142 Rxa5 43. Be2) 42... Rac2 {( -> ...Rc1+)} 43. b6 Rc1+ {[%mdl 64] Double Attack} 44. Bf1 Rxb1 45. bxc7 Rc1 {Av CentiPawn Loss W=-85/B=-15. Weighted=-87/-12} 0-1

[Event "73rd RUS-ch Higher League 2020"]
[Site "Sochi"]
[Date "2020.10.17"]
[Round "9.14"]
[White "Demchenko, Anton"]
[Black "Samusenko, Maksim"]
[Result "1-0"]
[WhiteElo "2632"]
[BlackElo "2459"]
[Annotator "TA"]
[PlyCount "93"]
[EventDate "2020.10.08"]
[EventType "swiss"]
[EventCountry "RUS"]
[SourceTitle "playchess.com"]
[Source "ChessBase"]
[SourceQuality "1"]

{[%evp 9,93,64,72,67,62,60,64,47,54,51,53,48,57,58,67,49,50,48,46,52,50,54,95,97,94,93,98,88,110,99,102,107,104,95,112,81,78,75,68,67,72,53,65,50,93,74,91,47,79,72,91,89,90,96,100,110,106,95,452,457,734,791,1262,1260,1216,1221,1174,1081,5202,4366,29955,12237,29959,12833,29979,29980,29980,29981,29981,29982,29982,29983,29983,29984,29984,29984]} 1. e4 d5 2. exd5 Nf6 3. Nf3 Bg4 4. Bb5+ Nbd7 5. h3 Bh5 6. Nc3 {B01: Scandinavian Defence.} a6 7. Be2 Nb6 8. O-O {White is slightly better.} Nbxd5 9. Nxd5 Nxd5 10. d4 e6 11. c4 Nf6 12. Bf4 {[#]} Bd6 $146 ({Predecessor:} 12... Be7 13. Qb3 Rb8 14. Qa4+ Nd7 15. Qa5 Bxf3 16. Bxf3 Bd6 17. Bg5 Bb4 18. Qxb4 Qxg5 19. Rad1 Qe7 20. Qa5 {1-0 (20) Sorokin,M (2156)-Mate,H (2128) ICCF email 2017}) 13. Ne5 $36 {[%mdl 2048] White has good play.} Bxe2 14. Qxe2 O-O 15. Rad1 Nd7 16. c5 Bxe5 17. dxe5 Qe7 {[#]} 18. Bg5 $1 {[%cal Rg5e7]} f6 19. exf6 Nxf6 20. c6 bxc6 21. Rfe1 Rab8 22. Bc1 Nd5 23. Qxe6+ Qxe6 24. Rxe6 Rf6 25. Re4 Rd6 26. a3 Rb5 27. Rde1 Rc5 28. Kf1 Kf7 29. g3 Rf6 30. Be3 Rc2 31. Re2 Nxe3+ 32. R4xe3 Rxe2 33. Kxe2 $16 {[%mdl 4096] Endgame KR-KR} c5 $2 {[%mdl 8192] [#] A mistake that costs the game.} (33... Rh6 $16 {is tougher.}) 34. Rf3 $1 $18 Ke6 (34... Rxf3 $142 35. Kxf3 Ke7) 35. Rxf6+ gxf6 {KP-KP} 36. Kd3 Kd5 37. b3 Ke5 38. f3 h5 39. Kc4 Kd6 40. g4 h4 41. f4 Kc6 42. a4 {[%cal Ba3a4,Ba4a5][%mdl 32] White mates.} Kd6 43. a5 Kc6 44. g5 fxg5 45. fxg5 Kd6 46. g6 Ke6 47. Kxc5 {Av CentiPawn Loss W=-74/B=-127. Weighted=-51/-96} 1-0

[Event "73rd RUS-ch Higher League 2020"]
[Site "Sochi"]
[Date "2020.10.17"]
[Round "9.15"]
[White "Zvjaginsev, Vadim"]
[Black "Rodchenkov, Vitaly"]
[Result "1-0"]
[WhiteElo "2617"]
[BlackElo "2321"]
[Annotator "TA"]
[PlyCount "75"]
[EventDate "2020.10.08"]
[EventType "swiss"]
[EventCountry "RUS"]
[SourceTitle "playchess.com"]
[Source "ChessBase"]
[SourceQuality "1"]

{[%evp 9,75,0,15,15,15,10,20,20,24,22,24,8,108,59,104,93,78,62,73,66,78,58,82,69,84,80,90,79,83,71,160,145,141,131,122,91,91,91,91,91,92,92,91,91,95,89,129,92,94,81,171,177,225,215,405,405,386,229,387,387,374,326,594,538,563,438,425,405]} 1. e4 c6 2. d4 d5 3. f3 Qb6 4. Nc3 e6 5. a3 Nf6 6. e5 {B12: Caro-Kann: Advance Variation.} Nfd7 7. f4 c5 8. Nf3 {The position is equal.} Nc6 {[%cal Rc5d4] 8...a6 is the fancy move.} 9. dxc5 $5 {[%mdl 4] A promising side line.} Bxc5 {[#]} 10. Bd3 $146 ({Predecessor:} 10. Na4 Qa5+ 11. c3 Be7 12. b4 Qc7 13. Bd3 f6 14. Nd4 Nxd4 15. cxd4 O-O 16. Bd2 {½-½ (43) Guevara Pijoan,J (2295)-Dunlop,G (2407) ICCF email 2014}) 10... f6 (10... Be7 $11 {keeps the balance.}) 11. Na4 $36 {[%mdl 2048] White has good play.} Qc7 {[%cal Rf6e5]} 12. exf6 gxf6 13. Nxc5 Nxc5 14. Be3 Nxd3+ 15. Qxd3 Ne7 16. O-O Bd7 17. Rae1 a6 18. Bd4 O-O 19. Nh4 Qc4 (19... Rf7 $142) 20. Qg3+ $1 $16 Kh8 21. c3 $1 {aiming for f5!} Nc6 22. Nf3 Nxd4 23. Nxd4 Rae8 24. Rf3 Rf7 25. Rfe3 {[%cal Rd4e6]} Qc5 26. Qh4 Qd6 27. Qh6 Bc8 28. h3 Bd7 29. Kh1 Bc8 {[#]} (29... b5 $16) 30. Nf5 $1 $18 {[%cal Rf5d6]} Qc7 {[#]} 31. Nh4 $1 Rg8 $2 {[#]} (31... Rg7 32. Qxf6 Qd8 33. Qxd8 Rxd8) 32. f5 $1 {[%cal Rf5e6][%mdl 512]} e5 {intending ...Rgg7.} (32... exf5 33. Ng6+) 33. Ng6+ Rxg6 34. fxg6 Rg7 35. gxh7 Qe7 $2 (35... Qf7 {was worth a try.}) 36. Rf3 {White is clearly winning.} f5 37. Qe3 e4 38. Rg3 {Av CentiPawn Loss W=-16/B=-33. Weighted=-14/-39} 1-0

[Event "73rd RUS-ch Higher League 2020"]
[Site "Sochi"]
[Date "2020.10.17"]
[Round "9.16"]
[White "Lintchevski, Daniil"]
[Black "Yuffa, Daniil"]
[Result "1/2-1/2"]
[WhiteElo "2559"]
[BlackElo "2583"]
[Annotator "TA"]
[PlyCount "160"]
[EventDate "2020.10.08"]
[EventType "swiss"]
[EventCountry "RUS"]
[SourceTitle "playchess.com"]
[Source "ChessBase"]
[SourceQuality "1"]

{[%evp 18,160,31,26,35,19,53,40,57,18,22,29,13,21,26,0,0,0,19,0,0,0,0,0,0,-1,15,0,0,0,0,0,0,0,0,0,0,0,14,-11,9,-5,0,0,0,0,0,0,0,-29,-14,-54,-58,-54,-25,-21,-18,-21,-13,-21,-5,-17,0,0,0,0,0,-7,-7,-7,0,0,0,0,0,0,0,-12,-14,-39,-39,-23,-4,-63,-70,-78,-78,-78,-92,-160,-96,-93,-89,-119,-93,-91,-78,-79,-37,-70,-42,-592,-602,-546,-320,-401,-395,-1639,-2902,-1269,-274,-2101,-588,-584,0,0,0,0,0,0,0,0,0,0,0,0,0,0,0,0,0,0,0,0,0,0,0,0,0,0,0,0,0,0,0]} 1. e4 c5 2. c3 Nf6 3. e5 Nd5 4. d4 cxd4 5. Nf3 Nc6 6. cxd4 d6 7. Bc4 Nb6 8. Bb5 Bd7 9. Nc3 e6 10. O-O a6 {B22: Sicilian: 2 c3.} 11. Bd3 Be7 12. exd6 Bxd6 {[#] White is slightly better.} 13. Bg5 $146 ({Predecessor:} 13. a3 Qc7 14. Bd2 Ne7 15. Rc1 Bc6 16. Ne4 Bf4 17. Ne5 Bxe5 18. dxe5 Qxe5 19. Bc3 {½-½ (81) Browning,A (2052)-Grund,S (2050) Osnabrueck 2018}) 13... Be7 14. Bxe7 Nxe7 15. Ne5 O-O 16. Be4 (16. Re1 {is more complex.} Nbd5 17. Qc2 h6 18. Nxd5 Nxd5 19. Bh7+) 16... Bc6 17. Nxc6 Nxc6 18. Bxc6 bxc6 19. Rc1 Nd5 20. Na4 Ne7 21. Qd2 Rb8 22. b3 a5 23. Rc4 Rb5 24. Nc5 Qd5 25. Rfc1 Nf5 26. Na4 {And now Nc3 would win.} Nh4 {[%csl Gh4][%cal Rd5g2]} 27. f3 Rb4 28. Qf4 Ng6 29. Qe3 Rd8 30. Nc3 Qd7 31. Ne2 Ne7 32. Qe5 Rb5 33. Qe3 Rd5 34. Qc3 Qa7 35. f4 h5 36. h3 h4 37. Kh2 Qb8 38. Qf3 Rf5 39. Kh1 Nd5 {[%cal Rd5f4]} 40. Rc5 Nxf4 41. Rxf5 Nxe2 42. Qxe2 exf5 $11 {[%mdl 4096] Endgame KQR-KQR} 43. Qf2 f4 44. Rxc6 Re8 45. Rc1 Re3 46. Qxh4 f3 47. Rf1 fxg2+ 48. Kxg2 Qa8+ 49. Kg1 Qd5 50. Qg4 (50. Rc1 $1 $11 Qd7 51. Rc5) 50... g6 $15 {[%mdl 1024] Black has compensation.} 51. Qc8+ Kg7 52. Qg4 f5 53. Qh4 ({White should try} 53. Qf4 Re4 54. Qc7+ Kh6 55. Qc5 Qxd4+ 56. Qxd4 Rxd4 57. Rf3) 53... Re4 (53... Re2 $142 $1 {[%csl Ge2][%cal Rd5g2]} 54. Rf2 Re4 $1 {[%mdl 576] Double Attack}) 54. Qf2 $17 Rxd4 55. Qe3 Re4 $36 {[%mdl 2048] Black has strong initiative.} 56. Qc3+ Kh6 57. Re1 Rd4 58. Qe3+ $1 f4 59. Qf2 $2 {[%mdl 8192]} ({Better is} 59. Qe7 $15) 59... g5 $1 $19 60. Qb2 f3 61. Qc3 Kh5 $1 62. Rf1 $2 (62. Re3 Rd1+ 63. Kf2 Rd2+ {[%mdl 64] Double Attack} 64. Kf1) 62... g4 63. Qc2 Re4 $2 (63... gxh3 64. Qh7+ Kg4 65. Qg7+ Kh4 66. Qh7+ Kg3) 64. Rd1 $2 {[#]} (64. Kh1 f2 65. Kh2) 64... Qe5 (64... f2+ $142 $1 {[%mdl 512]} 65. Kf1 (65. Qxf2 Qxd1+) 65... Re1+ $1 {[%mdl 576] Double Attack} 66. Kxf2 Rxd1 67. Qh7+ Kg5 68. Qg7+ Kf5 69. hxg4+ Kf4 70. Qc7+ Kxg4 71. Qg3+ Kf5 72. Qh3+ Kg6 73. Qg3+ Kf6 74. Qf3+ Qf5 75. Qxf5+ Kxf5 76. Kf3 Rd3+ 77. Kf2 Kf4 78. Ke2 Ke4 79. Kf2 Rd2+ {[%mdl 64] Double Attack} 80. Kg3 Rxa2 81. Kg4 Rg2+ 82. Kh3 Rg7 83. b4 axb4 84. Kh4 b3 85. Kh5 b2 86. Kh6 Rg2 87. Kh7 b1=Q 88. Kh8 Qh1#) 65. hxg4+ {[#]} Kxg4 $2 (65... Kh4 $1 $19 66. Qf2+ Qg3+ 67. Kf1 Re2 68. Qxe2 fxe2+ 69. Kxe2 Qxg4+ 70. Ke1 Qe4+ 71. Kd2 Qg2+ 72. Kc3 Qxa2) 66. Kf1 $11 {The position is equal.} Qe6 {aiming for ...Kh5.} 67. Qd3 Re2 (67... Kg3 $5 68. Qd6+ $8 Qxd6 69. Rxd6 a4 $11) 68. Qd4+ Kg3 {( -> ...Qh3+)} 69. Qg7+ Qg4 70. Qxg4+ Kxg4 {KR-KR} 71. a4 Kf4 72. Rd5 Re5 73. Rb5 Ke4 74. Kf2 Rxb5 75. axb5 Kd5 76. Kxf3 {KPP-KP} Kc5 77. Ke3 Kxb5 78. Kd2 Kb4 79. Kc2 a4 80. bxa4 Kxa4 {Whites escaped into a draw. Av CentiPawn Loss W=-19/B=-27. Weighted=-52/-24} 1/2-1/2

[Event "73rd RUS-ch Higher League 2020"]
[Site "Sochi"]
[Date "2020.10.17"]
[Round "9.17"]
[White "Klimentov, Evgeny"]
[Black "Kobalia, Mikhail"]
[Result "0-1"]
[WhiteElo "2222"]
[BlackElo "2614"]
[Annotator "TA"]
[PlyCount "74"]
[EventDate "2020.10.08"]
[EventType "swiss"]
[EventCountry "RUS"]
[SourceTitle "playchess.com"]
[Source "ChessBase"]
[SourceQuality "1"]

{[%evp 11,74,25,26,8,14,21,27,11,26,13,18,19,55,43,51,47,45,0,0,0,0,-33,-38,-51,140,0,0,0,0,-29,-12,-4,-12,-24,0,-2,-9,-18,-4,-108,-110,-317,-319,-294,-306,-370,-359,-394,-383,-395,-368,-365,-366,-526,-527,-601,-600,-600,-600,-596,-589,-691,-449,-413,-437]} 1. e4 c5 2. Nf3 e6 3. d4 cxd4 4. Nxd4 Nc6 5. Nc3 a6 6. Be3 Nf6 7. f3 {7.Qf3 gains popularity. B46: Sicilian: Taimanov: 5 Nc3 a6.} Be7 8. Qd2 Qc7 9. g4 {White has an edge.} O-O 10. O-O-O b5 $1 11. g5 Ne8 12. h4 Ne5 13. h5 Bb7 14. g6 fxg6 15. hxg6 Nxg6 {[#]} 16. Bh3 $146 ({Predecessor:} 16. Qg2 Rc8 17. Bd3 Nf4 18. Bxf4 Qxf4+ 19. Kb1 e5 20. Nd5 Bxd5 21. exd5 h6 22. Ne2 {1-0 (37) Muzychuk,M (2490)-Girya,O (2406) Gaziantep 2012}) 16... Qe5 17. Rdg1 Nd6 $2 {[#]} (17... Rc8 $15) 18. Bf1 ({White has to play} 18. Nxe6 $1 $16 {[%mdl 512]} Rf7 (18... dxe6 19. Bd4) 19. Ng5 Bxg5 20. Rxg5) 18... Rac8 $11 19. Rg4 b4 20. Nd1 Nc4 21. Bxc4 $1 Rxc4 22. b3 $1 {[%cal Rb3c4]} Rc7 $36 {[%mdl 2048] White is under pressure.} 23. Nb2 Rfc8 {White should prevent ...Bf6.} 24. Kb1 $1 {Nd3 is the strong threat.} Bf6 {And now ...Rxc2! would win.} 25. Nd3 (25. Qxb4 $11 {remains equal.} Qc5 26. Qxc5 Rxc5 27. c4) 25... Qd6 $17 26. Qxb4 $2 {White does not recover from this.} (26. Ne1 $17 {was worth a try.}) 26... Qxb4 $19 27. Nxb4 Rc3 28. Bf2 Ne5 $1 {[%csl LRf3,LRg4]} 29. Rg3 a5 {[%cal Ba6a5,Ba5b4][%mdl 32]} 30. Nb5 Rxf3 (30... axb4 $2 31. Nxc3 Rxc3 32. Bd4 $19) 31. Rxf3 Nxf3 32. Nd6 (32. Nd3 {is the only way for White.} Nd2+ 33. Kc1 Nxe4 34. Rd1) 32... axb4 33. Nxb7 Nd2+ {[%mdl 64] Double Attack} 34. Kc1 Nxe4 35. Be3 Ra8 36. Nc5 Nxc5 37. Bxc5 Rxa2 {Av CentiPawn Loss W=-34/B=-17. Weighted=-28/-20} 0-1

[Event "73rd RUS-ch Higher League 2020"]
[Site "Sochi"]
[Date "2020.10.17"]
[Round "9.18"]
[White "Nesterov, Arseniy"]
[Black "Shuvalova, Polina"]
[Result "0-1"]
[WhiteElo "2510"]
[BlackElo "2441"]
[Annotator "TA"]
[PlyCount "156"]
[EventDate "2020.10.08"]
[EventType "swiss"]
[EventCountry "RUS"]
[SourceTitle "playchess.com"]
[Source "ChessBase"]
[SourceQuality "1"]

{[%evp 13,156,0,0,0,0,0,0,0,13,0,16,18,14,15,19,0,13,16,34,36,38,0,0,-1,0,0,0,0,0,0,0,0,0,0,0,0,0,0,0,0,0,-12,-2,-10,0,0,0,0,0,-7,-10,-18,-6,-14,-5,-82,-69,-99,-106,-104,-102,-102,-105,-103,-89,-90,-75,-75,-75,-75,-82,-122,-121,-142,-130,-133,-90,-133,-77,-202,-185,-201,-197,-200,-201,-211,-213,-205,-205,-205,-210,-257,-231,-266,-232,-235,-219,-222,-184,-183,-184,-185,-177,-174,0,-156,0,-181,-174,-274,-259,-330,-330,-330,-330,-330,-330,-291,-323,-335,-323,-29972,-29973,-1210,-464,-464,-464,-464,-464,-464,-464,-483,-457,-29981,-29982,-29982,-29983,-29987,-29988,-29990,-29991,-29991,-29992,-29993,-29994]} 1. d4 Nf6 2. c4 e6 3. Nc3 Bb4 4. Qc2 O-O 5. e4 d5 6. e5 Ne4 7. Bd3 c5 8. Nf3 {8.Nf3 scores better than 8.Nge2. E32: Nimzo-Indian: Classical (4 Qc2): 4...0-0.} cxd4 9. Nxd4 Nd7 10. Bf4 {The position is equal.} Ndc5 11. O-O Nxd3 12. Qxd3 Bxc3 13. bxc3 b6 14. cxd5 Qxd5 15. Rfd1 Bb7 16. c4 Qa5 17. f3 Nc5 18. Qe3 Rad8 19. Bg5 Rd7 20. Nb5 {[#]} h6 $146 ({Predecessor:} 20... Ba6 21. Rxd7 Nxd7 22. a4 Bxb5 23. cxb5 Nc5 24. Be7 Rc8 25. Qd4 Nb3 26. Qd7 Qc3 {1-0 (42) Prystenski,A (2230)-Mayer,F (2133) ICCF email 2013}) 21. Rxd7 Nxd7 22. Be7 Re8 23. Bh4 Bc6 24. Be1 Qa4 25. Nd6 Rb8 26. Qf4 Rf8 27. Bc3 b5 28. Qd4 $1 b4 29. Bb2 Qc2 30. Rc1 Qe2 31. Qf2 Qd3 32. Qd4 Qg6 33. Qe3 a5 {[%cal Ba7a5,Ba5a4,Ba4a3][%mdl 32]} 34. c5 (34. Nb5 $11) 34... a4 35. Nc4 a3 36. Bd4 Nb8 $1 37. Na5 Rc8 38. Kf2 Bd5 39. Qd2 Qg5 40. Be3 Qxe5 41. Qxb4 Qxh2 42. Qg4 f5 $36 {[%mdl 2048] Black is on the roll.} 43. Qg3 Qxg3+ 44. Kxg3 e5 {White must now prevent ...f4+.} 45. Kh2 f4 ({Black should play} 45... Bxa2 46. Ra1 Bd5 47. Rxa3 Kf7) 46. Bf2 (46. Bd2 $17 {only move.}) 46... Bxa2 $19 47. Ra1 Bd5 {Strongly threatening ...a2.} 48. Rxa3 {[#]} Kf7 $1 49. Nb3 Nc6 50. Nd2 Rb8 51. Rd3 Ke6 52. Ne4 Rb2 53. Kg1 Rb1+ 54. Kh2 {Hoping for Nc3.} Rc1 55. Nd6 Rc2 56. Kg1 Nb4 57. Rd1 Bc6 58. Nc8 Bd5 59. Nd6 Bc6 60. Nc8 $1 Nd5 61. Nb6 (61. Na7 {was necessary.} Bd7 62. Re1) 61... g5 62. Nxd5 Bxd5 {[%mdl 4096] Endgame KRB-KRB} 63. Re1 Rc4 64. Rb1 e4 65. fxe4 Bxe4 ({Not} 65... Rxe4 66. Rc1 $17) 66. Rb6+ Kf5 67. Rxh6 $2 (67. Rb5 $19) 67... Rc1+ 68. Kh2 Rc2 (68... Rf1 $142 69. Bg3 fxg3+ 70. Kxg3 Rc1) 69. Kg1 g4 {( -> ...g3)} 70. Rh5+ Kf6 {aiming for ...g3.} 71. Bh4+ Ke6 {...g3 is the strong threat.} 72. Rh6+ Ke5 73. Rh5+ {[#]} (73. g3 $19 f3 74. Rd6 f2+ 75. Kf1) 73... Kd4 $1 {[%mdl 512] Black mates.} 74. Bf2+ Kd3 75. Rg5 g3 76. Be1 Rxg2+ 77. Kf1 Ke3 78. Re5 Rh2 {Av CentiPawn Loss W=367/B=-15. Weighted=128/-9} 0-1

[Event "73rd RUS-ch Higher League 2020"]
[Site "Sochi"]
[Date "2020.10.17"]
[Round "9.19"]
[White "Murzin, Volodar"]
[Black "Ovchinnikov, Vsevolod"]
[Result "1/2-1/2"]
[WhiteElo "2465"]
[BlackElo "2349"]
[Annotator "RC"]
[PlyCount "93"]
[EventDate "2020.10.08"]
[EventType "swiss"]
[EventCountry "RUS"]
[SourceTitle "playchess.com"]
[Source "ChessBase"]
[SourceQuality "1"]
[TimeControl "40/5400+30:1800+30"]

1. e4 {[%emt 0:00:00]} g6 {[%emt 0:00:00]} 2. d4 {[%emt 0:00:00]} Bg7 {[%emt 0:00:00]} 3. Nf3 {[%emt 0:00:00]} d6 {[%emt 0:00:00]} 4. Bc4 {[%emt 0:00:00]} Nf6 {[%emt 0:00:00]} 5. Qe2 {[%emt 0:00:00]} O-O {[%emt 0:00:01]} 6. c3 {[%emt 0:03:32]} Bg4 {[%emt 0:09:43]} 7. Nbd2 {[%emt 0:03:00]} e5 {[%emt 0:02:18]} 8. dxe5 {[%emt 0:00:05]} dxe5 {[%emt 0:00:06]} 9. h3 {[%emt 0:00:03]} Bxf3 {[%emt 0:00:06]} 10. Nxf3 {[%emt 0:00:03]} Nbd7 {[%emt 0:00:25]} 11. O-O {[%emt 0:00:23]} Qe7 {[%emt 0:05:42]} 12. Re1 {[%emt 0:00:50]} Ne8 {[%emt 0:11:36]} 13. Bg5 {[%emt 0:09:15]} Bf6 {[%emt 0:00:06]} 14. Be3 {[%emt 0:02:03]} Nd6 {[%emt 0:01:34]} 15. Bd3 {[%emt 0:03:41]} Bg7 {[%emt 0:03:54]} 16. Nd2 {[%emt 0:01:56]} Bf6 {[%emt 0:02:51]} 17. Nc4 {[%emt 0:02:56]} Nxc4 {[%emt 0:02:14]} 18. Bxc4 {[%emt 0:00:02]} Bg5 {[%emt 0:00:02]} 19. Rad1 {[%emt 0:00:16]} Bxe3 {[%emt 0:03:39]} 20. Qxe3 {[%emt 0:00:16]} Nb6 {[%emt 0:00:27]} 21. Bb3 {[%emt 0:00:33]} Rad8 {[%emt 0:00:46]} 22. g3 {[%emt 0:05:24]} Rxd1 {[%emt 0:06:07]} 23. Rxd1 {[%emt 0:00:02]} Rd8 {[%emt 0:00:18]} 24. Rxd8+ {[%emt 0:00:14]} Qxd8 25. Qc5 {[%emt 0:00:12]} Qd6 {[%emt 0:00:37]} 26. Qb5 {[%emt 0:01:04]} c6 {[%emt 0:06:33]} 27. Qe2 {[%emt 0:00:24]} Nd7 {[%emt 0:02:51]} 28. Qf3 {[%emt 0:03:49]} Qe7 {[%emt 0:02:16]} 29. Kg2 {[%emt 0:00:34]} Kg7 {[%emt 0:04:30]} 30. h4 {[%emt 0:01:25]} Nc5 {[%emt 0:00:46]} 31. Bc2 {[%emt 0:00:07]} Ne6 {[%emt 0:09:08]} 32. Qe3 {[%emt 0:03:59]} Qc5 {[%emt 0:01:40]} 33. Qd3 {[%emt 0:00:28]} Qe7 {[%emt 0:01:42]} 34. b4 {[%emt 0:04:08]} Qd8 {[%emt 0:03:48]} 35. Qe3 {[%emt 0:03:38]} Qb6 {[%emt 0:00:50]} 36. Qxb6 {[%emt 0:00:37]} axb6 {[%emt 0:00:01]} 37. a4 {[%emt 0:00:18]} Nc7 {[%emt 0:08:48]} 38. f4 {[%emt 0:03:35]} f6 {[%emt 0:05:07]} 39. Bb3 {[%emt 0:02:02]} Kf8 {[%emt 0:04:17]} 40. Kf3 {[%emt 0:00:00]} Ne8 {[%emt 0:00:00]} 41. Ke3 {[%emt 0:03:27]} Ke7 {[%emt 0:08:44]} 42. Bg8 {[%emt 0:00:30]} Kf8 {[%emt 0:00:27]} 43. Bb3 {[%emt 0:01:05]} Ke7 {[%emt 0:00:13]} 44. g4 {[%emt 0:02:44]} h6 {[%emt 0:01:20]} 45. f5 {[%emt 0:05:42]} g5 {[%emt 0:01:36]} 46. h5 {[%emt 0:00:06]} Kd8 {[%emt 0:01:03]} 47. Kd3 {[%emt 0:00:16]} 1/2-1/2

[Event "73rd RUS-ch Higher League 2020"]
[Site "Sochi"]
[Date "2020.10.17"]
[Round "9.21"]
[White "Belyakov, Bogdan"]
[Black "Tugarin, Anton"]
[Result "1/2-1/2"]
[WhiteElo "2458"]
[BlackElo "2224"]
[Annotator "TA"]
[PlyCount "54"]
[EventDate "2020.10.08"]
[EventType "swiss"]
[EventCountry "RUS"]
[SourceTitle "playchess.com"]
[Source "ChessBase"]
[SourceQuality "1"]

{[%evp 10,54,18,4,34,0,0,0,0,0,0,0,0,-22,-26,-23,0,0,-4,-26,-23,-20,-12,-274,-230,-233,-232,-270,-22,-27,-29,-30,-30,-24,-30,-30,-34,-37,-25,-39,-5,-74,0,-31,0,-76,0]} 1. e4 e6 2. d4 d5 3. Nc3 Bb4 4. exd5 exd5 5. Bd3 Nf6 6. a3 Be7 {C01: French: Exchange Variation.} 7. Qf3 O-O 8. h3 c6 {The position is equal.} 9. Nge2 b6 10. O-O Ba6 {[#]} 11. Bf5 $146 ({Predecessor:} 11. Ng3 g6 12. Re1 Bxd3 13. cxd3 Re8 14. Bg5 Nfd7 15. Rxe7 Rxe7 16. Nxd5 cxd5 17. Bxe7 {1-0 (27) Baenziger,F (2327)-Spornberger,A (2288) Austria 2016}) 11... Re8 12. Re1 Nbd7 13. h4 Nf8 14. h5 Bc8 15. Ng3 g6 16. Bh6 $2 {[%mdl 8192]} (16. Bxc8 $11 {and White has nothing to worry.} Rxc8 17. Nce2) 16... Bxf5 17. Nxf5 gxf5 18. Qxf5 {[#] intending Qg5+.} Qd7 $2 ({Wrong is} 18... Ne6 $2 19. Rxe6 Nxh5 20. Qg4+ Kh8 21. Rxc6 $18) (18... Kh8 $1 $19 {aiming for ...Ne6.} 19. Ne2 Ne6) 19. Qg5+ $11 Ng6 $1 20. hxg6 hxg6 21. Qd2 Bd6 22. Bf4 Bxf4 23. Qxf4 Kg7 24. Re5 Ng4 (24... Nh5 $5 {[%cal Rh5f4]} 25. Qf3 Re6 $11) 25. Rg5 (25. Re2 $11 {keeps the balance.}) 25... Nf6 26. Re5 Ng4 27. Rg5 Nf6 {Av CentiPawn Loss W=-27/B=-20. Weighted=-47/-37} (27... Nh6 $17 28. Re5 Rh8) 1/2-1/2